Asomiya natya sahitya : (Record no. 2638)

MARC details
000 -LEADER
fixed length control field 00616cam a2200217ua 4500
001 - CONTROL NUMBER
control field 2791
005 - DATE AND TIME OF LATEST TRANSACTION
control field 20260515113556.0
008 - FIXED-LENGTH DATA ELEMENTS--GENERAL INFORMATION
fixed length control field 110908n ii |||gr||||Z||||||asm
040 ## - CATALOGING SOURCE
Transcribing agency MAIN
082 ## - DEWEY DECIMAL CLASSIFICATION NUMBER
Classification number 891.4512
100 ## - MAIN ENTRY--PERSONAL NAME
Personal name Rahbongshi, Paramananda,
245 11 - TITLE STATEMENT
Title Asomiya natya sahitya :
Remainder of title parampara aru paribartan /
Statement of responsibility, etc. by Paramananda Rajbongshi
250 ## - EDITION STATEMENT
Edition statement 1st.
260 ## - PUBLICATION, DISTRIBUTION, ETC.
Place of publication, distribution, etc. Guahati:
Name of publisher, distributor, etc. Publication board assam,
Date of publication, distribution, etc. 2007.
300 ## - PHYSICAL DESCRIPTION
Extent 144p:
Dimensions 23cm.
653 ## - INDEX TERM--UNCONTROLLED
Uncontrolled term Assamese drama
653 ## - INDEX TERM--UNCONTROLLED
Uncontrolled term Asomiya natya sahitya
700 1# - ADDED ENTRY--PERSONAL NAME
Personal name Islam, Nosifa,
Relator term Author.
700 1# - ADDED ENTRY--PERSONAL NAME
Personal name Kherkatari, Karabi,
Relator term Author.
942 ## - ADDED ENTRY ELEMENTS (KOHA)
Koha item type Books
Holdings
Withdrawn status Lost status Damaged status Not for loan Home library Current library Shelving location Date acquired Total checkouts Full call number Barcode Date last seen Date last checked out Copy number Price effective from Koha item type
        Naharkatiya College Library Naharkatiya College Library General stacks 09/19/2020 1 891.4512 | ZAM 18931 11/02/2024 10/07/2024 1 09/19/2020 Books